| 000 | 00409nam a2200157 a 4500 | ||
|---|---|---|---|
| 001 | 2770 | ||
| 005 | 20140414131906.0 | ||
| 008 | 050928s19uu xx 00 eng d | ||
| 020 | _a1-57297-068-5 | ||
| 050 |
_aFIC _bSt1 1996 |
||
| 100 | _aNancy Richardson | ||
| 245 |
_aStar Wars : _bJunior Jedi knights. |
||
| 260 |
_aNew York : _bBoulevard Books, _c1996. |
||
| 300 | _a122 p. : ill. ; cm. | ||
| 999 |
_c110946 _d110946 |
||